000 00661nmm a2200265 a 4500
003 AR-BaBNM
005 20251128203347.0
008 137119s1947 ||||||||||||||000 | spa||
040 _cAR-BaBNM
100 1 _aAlberdi, Juan Bautista
245 1 0 _aEl crimen de la guerra
250 _a1ยช ed.
260 _aBuenos Aires
_bTor
_c1947
300 0 _a191 p.
650 4 _aHISTORIOGRAFIA ARGENTINA
650 4 _aGUERRA DEL PARAGUAY
650 4 _aPRESIDENCIAS ARGENTINAS
650 4 _aHISTORIA POLITICA
650 4 _aHISTORIA SOCIAL
650 4 _aGUERRA
650 4 _aNEUTRALIDAD
650 4 _aRELACIONES EXTERIORES
942 _cBK
998 _cmariana
999 _c3036
_d3036